| 000 | 00897nam a2200253 a 4500 | ||
|---|---|---|---|
| 001 | C01472916c-4 | ||
| 003 | CO-ViMGA | ||
| 005 | 20230915234238.0 | ||
| 008 | 150220r20142013ck gr 000 0 spa d | ||
| 020 | _a9789589076965 | ||
| 040 |
_aCO-ViMGA _bspa _cCO-ViMGA |
||
| 082 | 0 | 4 |
_a636.089 _bR37t _219 |
| 100 | 1 |
_aRestrepo Salazar, Juan Gonzalo. _96671 |
|
| 245 | 1 | 0 |
_aTerapéutica veterinaria 2013-2015 / _cJuan Gonzalo Restrepo Salazar. |
| 250 | _aCuarta edición, reimpresión 2014. | ||
| 260 |
_aMedellín : _bCIB Fondo Editorial, _c2014. |
||
| 300 |
_axxvii, 624 páginas : _bilustraciones ; _c17 cm. |
||
| 490 | 1 | _aFundamentos de medicina veterinaria | |
| 504 | _aIncluye referencias bibliográficas (páginas 583-584) e índice. | ||
| 650 | 1 | 4 |
_aFarmacología veterinaria. _92459 |
| 650 | 1 | 4 |
_aVeterinaria. _92460 |
| 650 | 1 | 4 |
_aVeterinaria _x Terapéutica. _96672 |
| 942 |
_2ddc _cBK |
||
| 999 |
_c37578 _d37578 |
||